Calidad total y productividad
| Main Author: | |
|---|---|
| Format: | Section = Libro |
| Language: | Undetermined Spanish |
| Published: |
México
McGraw-Hill
2005
|
| Edition: | 2a.ed. |
| Subjects: |
| LEADER | 00639nam a2200229Ia 4500 | ||
|---|---|---|---|
| 008 | 240829s9999 xx 000 0 und d | ||
| 020 | |a 970-10-4877-1 | ||
| 040 | |a BIBLIOTECA-RUSB/ 658.562 G984 | ||
| 041 | |a spa | ||
| 082 | |a 658.562 G984 | ||
| 100 | 1 | |a Gutiérrez Pulido, Humberto | |
| 245 | 1 | 0 | |a Calidad total y productividad |
| 250 | |a 2a.ed. | ||
| 260 | |a México |b McGraw-Hill |c 2005 | ||
| 300 | |a 403 p. :il. | ||
| 650 | 7 | |a CONTROL DE CALIDAD - PRODUCTIVIDAD | |
| 650 | 7 | |b GESTION DE CALIDAD ISO 9000 - 2000 | |
| 650 | 7 | |c ESTADISTICA DESCRIPTIVA | |
| 650 | 7 | |d SEIS SIGMA - METRICA | |
| 942 | |c BK |2 ddc | ||
| 991 | |a TEXTO | ||
| 999 | |c 4214 | ||